Statistics for Ontario or Manitoba

Click here to take the quiz!

General Stats

  • This quiz has been taken 27 times
  • The average score is 8 of 10

Answer Stats

QuestionAnswer% Correct
Is in CanadaBoth
100%
Has more peopleOntario
100%
Is home to Thunder BayOntario
100%
Is more westManitoba
96%
Is home to ChurchillManitoba
93%
Has more landOntario
93%
Borders the great lakesOntario
85%
Borders MinnesotaBoth
56%
Has more lakesOntario
56%
Has a better hockey teamOntario
56%

Score Distribution

Percentile by Number Answered

Percent of People with Each Score

Your Score History

You have not taken this quiz